[Event "Kingston Canada zt"]
[Site "Kingston"]
[Date "2022.04.17"]
[Round "8"]
[White "Balasooriya, Randika"]
[Black "Supsup, Ferdinand"]
[Result "1-0"]
[WhiteElo "1549"]
[BlackElo "1640"]
[PlyCount "125"]
[EventDate "2022.04.13"]
[EventType "swiss"]
[EventRounds "9"]
[EventCountry "CAN"]
[SourceTitle "CBM 207 Extra"]
[Source "ChessBase"]
[SourceDate "2022.05.31"]
[SourceVersion "1"]
[SourceVersionDate "2022.05.31"]
[SourceQuality "1"]

1. e4 d5 2. exd5 Nf6 3. Bb5+ Bd7 4. Be2 Nxd5 5. d4 Bf5 6. Nf3 e6 7. 0-0 Bd6 8. Re1 Nd7 9. a3 c6 10. c4 N5f6 11. Nc3 Rc8 12. Qb3 Qc7 13. Bg5 0-0 14. Rad1 Bg4 15. h3 Bf5 16. Nh4 Be4 17. Bf1 Bg6 18. Nxg6 hxg6 19. d5 cxd5 20. cxd5 e5 21. Nb5 Qb6 22. Qa2 Bc5 23. b4 Bd4 24. Nxd4 exd4 25. Rd2 a5 26. b5 Rfe8 27. Rde2 Rxe2 28. Rxe2 Qd6 29. Rc2 Rxc2 30. Qxc2 Qxd5 31. Bxf6 Nxf6 32. Bc4 Qe4 33. Bd3 Qe1+ 34. Kh2 Qc3 35. Qxc3 dxc3 36. Kg3 Nd5 37. Kf3 Nc7 38. Ke3 Kf8 39. Bc4 Ke7 40. Kd3 f6 41. Kxc3 b6 42. Kd4 Ne8 43. Bd3 f5 44. Kd5 Kd7 45. Ke5 Nd6 46. h4 Nf7+ 47. Kd5 Nh6 48. f3 Nf7 49. a4 Nh6 50. g3 Nf7 51. h5 gxh5 52. Bxf5+ Kc7 53. Bg6 Nd6 54. Ke6 Nc4 55. f4 Nb2 56. Bc2 Nc4 57. Kf7 Ne3 58. Bd3 Kd6 59. Kxg7 Kc5 60. f5 Nxf5+ 61. Bxf5 Kb4 62. Bc2 Kc3 63. Bd1 1-0

[Event "Mississauga Goldon Horseshoe op U2000"]
[Site "Mississauga"]
[Date "2018.06.03"]
[Round "4.1"]
[White "Supsup, Ferdinand"]
[Black "Bu, Kevin1111"]
[Result "1/2-1/2"]
[WhiteElo "1754"]
[BlackElo "1958"]
[PlyCount "85"]
[EventDate "2018.06.02"]
[EventType "swiss"]
[EventRounds "5"]
[EventCountry "CAN"]
[SourceTitle "EXT 2022"]
[Source "ChessBase"]
[SourceDate "2021.10.06"]
[SourceVersion "1"]
[SourceVersionDate "2021.10.06"]
[SourceQuality "1"]

1. d4 d5 2. Bf4 Nf6 3. e3 e6 4. Nf3 Bd6 5. Bd3 0-0 6. Bg5 Nbd7 7. Nbd2 c5 8. c3 b6 9. 0-0 Bb7 10. Rc1 Re8 11. Bb5 Be7 12. Re1 a6 13. Bd3 Rc8 14. a4 Qc7 15. Bf4 Bd6 16. Bxd6 Qxd6 17. e4 dxe4 18. Nxe4 Nxe4 19. Bxe4 Bxe4 20. Rxe4 Nf6 21. Rh4 Red8 22. Qe2 Ra8 23. dxc5 Qxc5 24. Rc4 Qe7 25. Ne5 Qb7 26. Re1 h6 27. h3 Rd6 28. Rb4 Qc7 29. Rc4 Qb7 30. b4 Rad8 31. b5 axb5 32. axb5 Qd5 33. Rc7 Ra8 34. Nc4 Rdd8 35. Nxb6 Qg5 36. c4 Rdb8 37. c5 Qf4 38. Rc6 Rd8 39. g3 Qb4 40. Kh2 Ra2 41. Qe3 Qb2 42. Kg1 Qxb5 43. Rc8 1/2-1/2

[Event "Canadian op U1800"]
[Site "Sault Ste Marie"]
[Date "2017.07.13"]
[Round "6.41"]
[White "Wang, Kai"]
[Black "Supsup, Ferdinand"]
[Result "0-1"]
[WhiteElo "1679"]
[BlackElo "1739"]
[PlyCount "146"]
[EventDate "2017.07.08"]
[EventType "swiss"]
[EventRounds "9"]
[EventCountry "CAN"]
[SourceTitle "EXT 2022"]
[Source "ChessBase"]
[SourceDate "2021.10.06"]
[SourceVersion "1"]
[SourceVersionDate "2021.10.06"]
[SourceQuality "1"]

1. e4 c5 2. Be2 g6 3. d3 Bg7 4. f4 d5 5. Nd2 Nc6 6. Ngf3 Nh6 7. h3 0-0 8. 0-0 e5 9. fxe5 Nxe5 10. Nxe5 Bxe5 11. Nf3 Bg7 12. e5 Qc7 13. Qe1 Nf5 14. Bf4 Qb6 15. Qc1 Re8 16. g4 Nd4 17. Nxd4 cxd4 18. Bf3 Be6 19. Re1 Rac8 20. Bg5 Qc5 21. Re2 Bd7 22. Qf4 Re6 23. Rf2 Bxe5 24. Qd2 Rce8 25. Bg2 Bg3 26. Raf1 Bxf2+ 27. Qxf2 f5 28. gxf5 Re2 29. Qg3 R2e3 30. Bxe3 dxe3 31. Re1 Bxf5 32. Re2 d4 33. Bxb7 Qb6 34. Bd5+ Kg7 35. b3 Qc5 36. Bc4 Re5 37. h4 h5 38. Qg2 Bg4 39. Re1 Qb4 40. Qg3 Re7 41. a4 Qa5 42. Bb5 e2 43. Kf2 Rf7+ 44. Kg2 Kh7 45. Be8 Rf3 46. Qd6 Qxe1 47. Bxg6+ Kg7 48. Qe7+ Kxg6 49. Qg5+ Kf7 50. Qd5+ Ke7 51. Qe5+ Be6 52. Qc5+ Kd8 53. Qd6+ Bd7 54. Qb8+ Ke7 55. Qe5+ Be6 56. Qc5+ Ke8 57. Qc6+ Bd7 58. Qa8+ Ke7 59. Qe4+ Kd8 60. Qa8+ Bc8 61. Qd5+ Kc7 62. Qc5+ Kd8 63. Qxd4+ Bd7 64. Qh8+ Ke7 65. Qe5+ Be6 66. Qc5+ Kd8 67. Qd6+ Bd7 68. Qb8+ Ke7 69. Qe5+ Kf8 70. Qd6+ Kg7 71. Qxd7+ Rf7 72. Qd4+ Kg8 73. Qd8+ Kh7 0-1

[Event "Canadian op U2000"]
[Site "Kitchener"]
[Date "2006.07.20"]
[Round "6"]
[White "Supsup, Ferdinand"]
[Black "Cunningham, Ross"]
[Result "1-0"]
[WhiteElo "1880"]
[BlackElo "1517"]
[PlyCount "97"]
[EventDate "2006.07.15"]
[EventType "swiss"]
[EventRounds "9"]
[EventCountry "CAN"]
[SourceTitle "CBM 113 Extra"]
[Source "ChessBase"]
[SourceDate "2006.09.14"]
[SourceVersion "1"]
[SourceVersionDate "2006.09.14"]
[SourceQuality "1"]

1. e4 c5 2. Nf3 d6 3. d3 Nc6 4. g3 g6 5. Bg2 Bg7 6. 0-0 Bg4 7. h3 Bd7 8. Nbd2 Qc8 9. Kh2 h5 10. Nc4 Qc7 11. Nh4 Bf6 12. Nf3 h4 13. c3 Qc8 14. Ng1 g5 15. g4 b5 16. Ne3 e6 17. Nf3 Ne5 18. Nc2 Nxf3+ 19. Bxf3 Be7 20. d4 f5 21. exf5 exf5 22. Bxa8 Qxa8 23. f3 d5 24. Qe2 Qb8+ 25. Kh1 Rh6 26. Qh2 Bd6 27. Re1+ Kf8 28. Qg2 Rg6 29. Bd2 Bg3 30. Re2 fxg4 31. fxg4 Kg7 32. Be1 Bf4 33. Bf2 cxd4 34. Bxd4+ Kh6 35. Rae1 Bc6 36. Re6 Qc8 37. Qe2 Bd7 38. Rxg6+ Kxg6 39. Qd3+ Kh6 40. Qe2 Kg6 41. Nb4 Qb7 42. Nd3 Bg3 43. Ne5+ Kh6 44. Rf1 Be6 45. Nd3 Qc6 46. Qf3 Bd6 47. Ne5 Qc7 48. Nf7+ Kg6 49. Qd3+ 1-0